| 000 | 01760nam2a2200337 4500 | ||
|---|---|---|---|
| 001 | RU\NLR\bibl\2065179 | ||
| 005 | 20260407215147.0 | ||
| 010 |
_a978-5-85827-818-4 _9200 |
||
| 021 |
_aRU _b2013-58807 _94049 |
||
| 035 | _a(nilc)RuMoRGB-006615122 | ||
| 035 | _a(NLR Aleph) 002051712 | ||
| 090 |
_a4644612 _c4644612 |
||
| 100 | _a20130729d2013 |||y0rusy50 ca | ||
| 101 | 0 | _arus | |
| 102 | _aRU | ||
| 105 | _aa zzzz||||| | ||
| 200 | 0 | _a[Вып. 2] | |
| 210 |
_d2013 _aБ. м. |
||
| 215 |
_a69 с. _cил. |
||
| 320 | _aБиблиогр. в конце ст. | ||
| 461 | 0 |
_1001RU\NLR\bibl\2078322 _12001#$aНекоторые вопросы химии и методики ее преподавания$v[Вып. 2] _94692780 _cИркутск _d2013 _fМ-во образования и науки Рос. Федерации, Федер. гос. бюджет. образоват. учреждение высш. проф. образования "Восточно-Сибирская гос. акад. образования" _nВосточно-Сибирская государственная академия образования _oсборник статей _tНекоторые вопросы химии и методики ее преподавания _v[Вып. 2] |
|
| 606 | 1 |
_aОрганическая химия _91049152 _3RU\NLR\auth\6687223 |
|
| 686 | _aГ2я43 | ||
| 712 | 0 | 2 |
_4570 _aВосточно-Сибирская государственная академия образования _cИркутск _3RU\NLR\AUTH\8810145075 _9784516 |
| 801 | 0 |
_aRU _bRuMoRKP _c20130729 _gRCR |
|
| 801 | 2 |
_aRU _bРГБ _c20130801 |
|
| 801 | 1 |
_aRU _bRuMoRKP _c20130729 _2rusmarc |
|
| 801 | 2 |
_aRU _bNLR _c20130822 _grcr |
|
| 942 | _cBOOK | ||
| 980 | _aNB | ||